000 00475nam a2200157 a 4500
001 000035587
005 20230519124859.0
008 111103s2011 dr 000 0 spa d
020 _a9789945408546
040 _aDO-SdBNP
_bspa
_aBNPHU
100 1 _aHernández, Jesús
_95470
245 1 0 _aBiblioteca Antillense Salesiana :
_bRincón puertorriqueño en la BAS /
_cJesús Hernández,.
260 _aSanto Domingo :
_bArgos,
_c2011.
300 _a63 p. ;
_c22 cm.
049 _aBNPD
999 _c35078
_d35078